| 000 | 00834nam a2200217Ia 4500 | ||
|---|---|---|---|
| 003 | 0 | ||
| 005 | 20250130110512.0 | ||
| 008 | 150126s9999 xx 000 0 und d | ||
| 050 |
_aPGS GV 1469.3 _b.F979 2014 |
||
| 100 | _aFunahashi, Ceiji D. | ||
| 245 |
_aVideo games and cognitive skills of grade 6 students of SISC / _cCeiji D. Funahashi. |
||
| 260 |
_aLas PiƱas City, Philippines : _bSouthville International School and Colleges, _c2014. |
||
| 300 |
_a25 p. : _bill. ; _c28 cm. |
||
| 504 | _aIncludes bibliographical references. | ||
| 650 |
_aVideo games _vPsychological aspects. |
||
| 650 |
_aVideo games _vCognitive aspects |
||
| 650 |
_aEducational games _vEffect on learning. |
||
| 650 |
_aLearning, Psychology of _vEffect of video games on. |
||
| 650 |
_aTechnology and children _vCognitive effects. |
||
| 942 |
_2lcc _cPASS |
||
| 999 |
_c278581 _d278581 |
||